000 00251nam a22001217a 4500
008 170419b xxu||||| |||| 00| 0 eng d
041 _aeng
080 _a579
100 _a11
101 _aSHM
245 _aMICROBIOLOGY
_cDAVIS.D
942 _2udc
_cBK
999 _c11188
_d11188